000 00427nam a2200169Ia 4500
005 20250424120245.0
008 250424s9999 xx 000 0 und d
022 _a1385951X
050 _aT 58.64 .I54/
245 0 _aInformation technology & management
260 _aN.Y.
260 _bSpringer Science and Business Media
260 _c2009
300 _a176 p. ;28 cm.
650 _aInformation technology
942 _cSR
999 _c38281
_d38281